00329nam a2200133Ia 4500008004100000041000800041082001500049100001600064245003400080250001400114260004200128300001800170365000700188240624s9999 xx 000 0 und d aeng a342.54 SEE aSEERVAI H M aCONSTITUTIONAL LAW OF INDIA I a(4th ed.) c2004aDelhibUniversal Law Publishing alxxiii, : 915 cRS